|
|
|
|
| LEADER |
01331nam a22002297a 4500 |
| 003 |
GR-PaULI |
| 005 |
20230425092501.0 |
| 008 |
230425s2002 gr ||||| |||| 00| 0 gre d |
| 952 |
|
|
|0 0
|1 0
|2 ddc
|4 0
|6 379_400000000000000_ΧΑΤ
|7 0
|9 371161
|a PTDE
|b PTDE
|d 2023-04-25
|i 12857
|l 0
|o 379.4 ΧΑΤ
|p 025000212726
|r 2023-04-25 00:00:00
|t 1
|w 2023-04-25
|y BK15
|z Δωρεά Σ. Μπουζάκη
|
| 999 |
|
|
|c 216515
|d 216515
|
| 040 |
|
|
|a GR-PaULI
|b gre
|c GR-PaULI
|e AACR2
|
| 082 |
0 |
4 |
|2 23
|a 379.4
|
| 100 |
1 |
|
|9 144629
|a Χατζηστεφανίδου, Σοφία
|e συγγραφέας
|
| 245 |
1 |
0 |
|a Παγκοσμιοποίηση και εκπαιδευτική πολιτική της Ευρωπαϊκής Επιτροπής μέσα από τις πράσινες και λευκές βίβλους :
|b η δεκαετία 1991-2001 /
|c Σοφία Θ. Χατζηστεφανίδου.
|
| 260 |
|
|
|a Αθήνα :
|b [χ.ό.],
|c 2002.
|
| 300 |
|
|
|a 125 σ. :
|b πιν. ;
|c 24 εκ.
|
| 504 |
|
|
|a Περιέχει βιβλιογραφικές παραπομπές.
|
| 650 |
|
4 |
|9 192313
|a Εκπαιδευτική πολιτική
|
| 650 |
|
4 |
|9 29168
|a Εκπαίδευση και κράτος
|z Ευρωπαϊκή Ένωση, Χώρες της
|
| 650 |
|
4 |
|9 91187
|a Εκπαίδευση και παγκοσμιοποίηση
|
| 942 |
|
|
|2 ddc
|c BK15
|
| 998 |
|
|
|c ΤΣΕΝΕ
|d 2023-04
|